Digits of φ (Golden Ratio) - Statistics

General Stats
  • This quiz has been taken 65 times
  • The average score is 13 of 46
Answer Stats
Digit % Correct
1
100%
6
86%
0
83%
1
83%
8
83%
3
79%
3
79%
9
69%
8
55%
8
52%
7
48%
4
45%
9
41%
4
38%
8
38%
9
38%
8
34%
4
31%
0
24%
2
24%
8
24%
4
21%
5
17%
8
17%
6
14%
3
10%
4
10%
8
10%
3
7%
0
3%
1
3%
1
3%
2
3%
3
3%
5
3%
6
3%
6
3%
7
3%
7
3%
8
3%
0
0%
1
0%
3
0%
7
0%
9
0%
9
0%
No matching quizzes found
Score Distribution
Percent of People with Each Score
Percentile by Number Answered
Your Score History
You have not taken this quiz